VISUAL RESEARCH MELHODS IMAGE, SOCITY AND REPRESENTATION (Record no. 1222391)

MARC details
000 -LEADER
fixed length control field 00425nam a22001577a 4500
005 - DATE AND TIME OF LATEST TRANSACTION
control field 20260608145111.0
008 - FIXED-LENGTH DATA ELEMENTS--GENERAL INFORMATION
fixed length control field 260608b |||||||| |||| 00| 0 eng d
041 ## - LANGUAGE CODE
Source of code ENGLISH
100 ## - MAIN ENTRY--PERSONAL NAME
Personal name GREGERY C. STANCZK
245 ## - TITLE STATEMENT
Title VISUAL RESEARCH MELHODS IMAGE, SOCITY AND REPRESENTATION
250 ## - EDITION STATEMENT
Edition statement 2007
260 ## - PUBLICATION, DISTRIBUTION, ETC. (IMPRINT)
Place of publication, distribution, etc LONDON
Name of publisher, distributor, etc SAGE PUBLICATION LOS ANGELES
Date of publication, distribution, etc 1/12/2025
300 ## - PHYSICAL DESCRIPTION
Extent P-366
365 ## - TRADE PRICE
Price amount 12407.30
942 ## - ADDED ENTRY ELEMENTS (KOHA)
Item type Book

No items available.